000 00339nam a2200145Ia 4500
008 230711s9999||||xx |||||||||||||| ||und||
041 _aENG
082 _a800
_bGO-S
100 _aGoyal,JB
245 0 _aSwami Vivekananda : his human bonds
250 _a1st
260 _c1992
_aPatiala
_bFalcon Books
650 _aLiterature
942 _cBK
999 _c3185
_d3185